Le totémisme aujourd'hui /

Il en est du totémisme comme de l’hystérie. Quand on s’est avisé de douter qu’on pût arbitrairement isoler certains phénomènes et les grouper entre eux, pour en faire les signes diagnostiques d’une maladie ou d’une institution objective, les symptômes même ont disparu, ou se sont montrés rebelles au...

Full description

Bibliographic Details
Main Author: Lévi-Strauss, Claude
Format: Libro
Language:French
Published: Paris Presses Universitaires de France 2002
Edition:9ème. éd.
Series:Mythes et religions
Subjects:
Online Access:

MARC

LEADER 00000cam a2200000 a 4500
001 002943
003 UAHC_CL
005 20170803115901.0
008 091230s2002 fr 000 fre
020 |a 2130528783 
040 |a UAHC_CL  |c UAHC_CL  |d UAHC_CL 
082 0 4 |a 291.042  |b L664  |2 20 
100 1 |a Lévi-Strauss, Claude 
245 1 3 |a Le totémisme aujourd'hui /  |c Claude Lévi-Strauss. 
250 |a 9ème. éd. 
260 |b Presses Universitaires de France  |a Paris  |c 2002 
300 |a 159 p. 
490 0 |a Mythes et religions 
505 0 |a L'illusion totémique -- Le nominalisme australien -- Les totémismes fonctionnalistes -- Vers l'intellect -- Le totémisme du dedans. 
520 |a Il en est du totémisme comme de l’hystérie. Quand on s’est avisé de douter qu’on pût arbitrairement isoler certains phénomènes et les grouper entre eux, pour en faire les signes diagnostiques d’une maladie ou d’une institution objective, les symptômes même ont disparu, ou se sont montrés rebelles aux interprétations unifiantes. (Claude Lévi-Strauss) 
650 4 |a TOTEMISMO 
650 4 |a RELIGION 
653 |a ANTROPOLOGIA 
900 |a 291.042 LEV 
942 |c BK 
952 |0 0  |1 0  |4 0  |6 291_042000000000000_LEV  |7 0  |8 General  |9 6455  |a BC  |b BC  |c General  |d 2017-08-03  |l 0  |o 291.042 LEV  |p 1376170  |r 2026-01-07 00:00:00  |t 1  |w 2017-08-03  |y BK 
999 |c 2943  |d 2943